<?xml version="1.0" encoding="UTF-8"?>
<collection xmlns="http://www.loc.gov/MARC21/slim">
 <record>
  <leader>     na                 </leader>
  <controlfield tag="001">INLIS000000000014534</controlfield>
  <controlfield tag="005">20241121105007</controlfield>
  <datafield tag="035" ind1=" " ind2=" ">
   <subfield code="a">0010-1124000039</subfield>
  </datafield>
  <datafield tag="245" ind1="1" ind2=" ">
   <subfield code="a">Kaifiyat mujadalah :</subfield>
   <subfield code="b">Metode dakwah berbasis argumentasi /</subfield>
   <subfield code="c">Nanih Machendrawaty</subfield>
  </datafield>
  <datafield tag="100" ind1="0" ind2=" ">
   <subfield code="a">Nanih Machendrawaty</subfield>
  </datafield>
  <datafield tag="300" ind1=" " ind2=" ">
   <subfield code="a">xxiv, 296 hlm.; 24 cm.</subfield>
  </datafield>
  <datafield tag="700" ind1="0" ind2=" ">
   <subfield code="a">Aep Kusnawan</subfield>
  </datafield>
  <datafield tag="700" ind1="0" ind2=" ">
   <subfield code="a">Iqbal Triadi Nugraha (penyunting)</subfield>
  </datafield>
  <datafield tag="260" ind1=" " ind2=" ">
   <subfield code="a">Bandung :</subfield>
   <subfield code="b">Simbiosa Rekatama Media,</subfield>
   <subfield code="c">2020</subfield>
  </datafield>
  <datafield tag="082" ind1=" " ind2=" ">
   <subfield code="a">297.724</subfield>
  </datafield>
  <datafield tag="084" ind1=" " ind2=" ">
   <subfield code="a">297.724 NAN k</subfield>
  </datafield>
  <datafield tag="020" ind1=" " ind2=" ">
   <subfield code="a">978-602-7973-95-4</subfield>
  </datafield>
  <datafield tag="650" ind1=" " ind2=" ">
   <subfield code="a">Dakwah Islam</subfield>
  </datafield>
  <datafield tag="520" ind1=" " ind2=" ">
   <subfield code="a">Dakwah merupakan sebuah aktivitas yang menyeru ke jalan Allah, mengubah suatu situasi menjadi lebih baik sesuai dengan ajaran Islam. Dalam prosesnya, diperlukan berbagai unsur, salah satunya adalah metode. Penggunaan metode sangat tergantung pada unsur-unsur lain termasuk situasi, kondisi dan konteks dakwah. Oleh karena itu, metode dakwah yang dikembangkan harus bervariasi sejalan dengan kebutuhan sasaran dakwah dengan segala situasi yang melingkupinya. &#13;
&#13;
Mujadalahadalah salah satu metode dakwah yang penuh nuansa argumentatif, dialogis, dan dialektis. Metode ini mengarahkan da'i dan mad'u pada potensi kekristisan berpikir dan berpendapat. Objek sentuhan metode ini rasionalitas yang sarat dengan alasan dan rujukan.baik berupa hujjah, dalil dan teori</subfield>
  </datafield>
  <controlfield tag="008">241121                e          0 ind  </controlfield>
  <datafield tag="990" ind1=" " ind2=" ">
   <subfield code="a">024.3158/PC/24</subfield>
  </datafield>
  <datafield tag="990" ind1=" " ind2=" ">
   <subfield code="a">024.3159/PC/24</subfield>
  </datafield>
  <datafield tag="990" ind1=" " ind2=" ">
   <subfield code="a">024.3160/PC/24</subfield>
  </datafield>
 </record>
</collection>
